Statistiken für Länder mit den höchsten Bierpreisen

Klicken Sie hier um das Quiz zu spielen!

Allgemein

  • Dieses Quiz wurde 229 mal gespielt
  • Das Durchschnittsergebnis liegt bei 15 aus 25

Antwortstatistiken

LandPlatzPreis pro Liter in Sterling% Korrekt
4.Norwegen7,90
90%
10.Schweden5,75
90%
16.Finnland5,22
87%
12.Dänemark5,56
82%
20.Australien4,34
79%
14.Schweiz5,47
78%
25.Kanada4,09
76%
13.Vereinigtes Königreich5,50
75%
6.Island6,87
74%
11.Frankreich6,74
71%
8.Neuseeland6,10
71%
18.Irland4,93
69%
24.Niederlande4,14
66%
23.Italien4,29
63%
1.Katar9,98
59%
2.Vereinigte Arabische Emirate9,94
59%
15.Singapur5,44
54%
3.Oman7,97
51%
7.Israel6,16
49%
9.Bahrain5,89
46%
19.Jordanien4,89
37%
5.Libanon7,37
31%
21.Brunei4,31
21%
17.Seychellen5,06
16%
22.Bangladesch4,30
7%

Verteilung der Resultate

Perzentil nach korrekt beantworteten Fragen

Anzahl Personen mit jedem Resultat

Ihre Resultats-Entwicklung

Sie haben dieses Quiz noch nicht gespielt